000 00787cab a2200241 4500
001 ABS54898
008 090401t1996 xxu||||| |||| 00| 0 eng d
035 _a(Sirsi) u12891
041 _aeng
100 _aLipman, C.
245 _aIn search of the world`s best office site
260 _c1996
350 _a0
490 _aAccountancy Age
_v25 April 1996, 18-19(2)
520 _aLooks at the role accountancy firms have in advising clients on where to situate their offices around the world, taking into account tax, logistics, labour and where specialised groups operate from.
650 _aACCOUNTANCY FIRMS
650 _aLOCATION CONSULTANTS
650 _aLOCATION
650 _aRELOCATION
690 _aPROPERTY-COMMERCIAL PROPERTY
942 _n0
948 _c04/03/1997
999 _c8275
_d8275